| 000 | 03092cgm a2200769Ia 4500 | ||
|---|---|---|---|
| 003 | data | ||
| 005 | 20260322212008.0 | ||
| 007 | data | ||
| 008 | data | ||
| 019 | _a466807086 | ||
| 020 | _a1419886762 | ||
| 020 | _a9781419886768 | ||
| 024 | 1 | _a883929089024 | |
| 028 | 4 | 2 |
_a1000111493 _bWarner Home Video |
| 040 |
_aB2A _cB2A _dOCLCA _dTEF _dYDXCP _dOCLCA |
||
| 041 | 1 |
_afre _afre _jfre _jfre _heng |
|
| 043 | _ae-au--- | ||
| 050 | 4 |
_aPN1997 _b.A43 2009 |
|
| 082 | 0 | 4 |
_a791.43/72 _222 |
| 090 | _aDVD 944 | ||
| 245 | 1 | 0 |
_aAmadeus _h[videorecording] / _cMiloš Forman ... [et al.]. |
| 250 | _aWidescreen ed. | ||
| 260 |
_aBurbank, CA : _bDistributed by Warner Home Video, _cc2009. |
||
| 300 |
_a1 videodisc (160 min.) : _bsd., col. ; _c4 3/4 in. |
||
| 500 | _aHUM221. | ||
| 500 | _aBased on the Broadway play by Peter Shaffer. | ||
| 500 | _aOriginally released as a motion picture in 1984. | ||
| 500 | _aIncludes interactive menus, production notes, scene access, theatrical trailer, and alternate music-only track. | ||
| 508 | _aDirector of photography, Moroslav Ondricek; production design, Patrizia Von Brandenstein; music, Sir Neville Marriner. | ||
| 511 | 1 | _aF. Murray Abraham, Tom Hulce, Elizabeth Berridge, Simon Callow, Roy Dotrice, Christine Ebersole, Jeffrey Jones, Charles Kay. | |
| 520 | _aWhen Mozart arrives at the court of Emperor Joseph II, court composer Antonio Salieri is horrified to discover that the godlike musical gifts he desires himself have been bestowed on a bawdy joker. Mad with envy, he plots to destroy Mozart by any means. | ||
| 521 | 8 |
_aRating on container: R. _aRating on container: R. |
|
| 538 | _aDVD; region 1; Dolby digital surround (English), Dolby surround stereo (French). | ||
| 540 | _aFor private home use only. | ||
| 546 | _aEnglish and French soundtracks with English and French subtitles. | ||
| 546 | _aClosed-captioned. | ||
| 600 | 1 | 0 |
_aMozart, Wolfgang Amadeus, _d1756-1791 _vDrama. |
| 600 | 1 | 0 |
_aSalieri, Antonio, _d1750-1825 _vDrama. |
| 600 | 1 | 0 |
_aShaffer, Peter, _d1926- _vFilm adaptations. |
| 650 | 0 |
_aComposers _vDrama. _zVienna _zVienna |
|
| 650 | 0 |
_aEnvy _vDrama. |
|
| 650 | 0 |
_aComposers _zAustria |
|
| 651 | 0 |
_aVienna (Austria) _vDrama. |
|
| 655 | 0 | _aFilm adaptations. | |
| 655 | 0 | _aFeature films. | |
| 655 | 0 | _aBiographical films. | |
| 655 | 0 | _aFiction films. | |
| 655 | 0 | _aVideo recordings for the hearing impaired. | |
| 700 | 1 | _aForman, Miloš. | |
| 700 | 1 | _aZaentz, Saul. | |
| 700 | 1 | _aAbraham, F. Murray. | |
| 700 | 1 |
_aHulce, Tom, _d1953- |
|
| 700 | 1 |
_aBerridge, Elizabeth, _d1962- |
|
| 700 | 1 |
_aCallow, Simon, _d1949- |
|
| 700 | 1 |
_aDotrice, Roy, _d1925- |
|
| 700 | 1 | _aEbersole, Christine. | |
| 700 | 1 |
_aJones, Jeffrey, _d1947- |
|
| 700 | 1 | _aKay, Charles. | |
| 700 | 1 | _aOndricek, Moroslav. | |
| 700 | 1 | _aVon Brandenstein, Patrizia. | |
| 700 | 1 | _aMarriner, Neville. | |
| 700 | 1 |
_aShaffer, Peter, _d1926- _tAmadeus. |
|
| 710 | 2 | _aSaul Zaentz Company. | |
| 710 | 2 | _aWarner Home Video (Firm) | |
| 856 | 4 | 1 | _uhttps://irs.www.warnerbros.com/keyart-jpeg/amadeus_keyart.jpg |
| 001 | data | ||
| 999 |
_c155 _d155 |
||